Artificial Intelligence A Modern Approach (Record no. 20601)

MARC details
000 -LEADER
fixed length control field 00366nam a22001457a 4500
008 - FIXED-LENGTH DATA ELEMENTS--GENERAL INFORMATION
fixed length control field 240312b |||||||| |||| 00| 0 eng d
020 ## - INTERNATIONAL STANDARD BOOK NUMBER
ISBN 9789356063570
100 ## - MAIN ENTRY--AUTHOR NAME
Personal name S. J. Russell & P. Norvig
245 ## - TITLE STATEMENT
Title Artificial Intelligence A Modern Approach
250 ## - EDITION STATEMENT
Edition statement 4th Ed.
260 ## - PUBLICATION, DISTRIBUTION, ETC. (IMPRINT)
Place of publication Noida
Name of publisher Pearson
Year of publication 2024
300 ## - PHYSICAL DESCRIPTION
Number of Pages 1288
650 ## - SUBJECT ADDED ENTRY--TOPICAL TERM
Topical Term CSE
942 ## - ADDED ENTRY ELEMENTS (KOHA)
Source of classification or shelving scheme Dewey Decimal Classification
Koha item type Books
Holdings
Accession Number Bill Date Source of acquisition Price effective from Koha item type Withdrawn / writtenoff status Damaged status Not for loan Permanent Location Current Location Shelving location Date acquired Lost/ Missing status department
BE 24800 5-3-2024 Radha Krishna Anand & Co, Jammu 03/12/2024 Books     Not For Loan MIET Library, Jammu MIET Library, Jammu 116/6 03/05/2024   BE
BE 24801 5-3-2024 Radha Krishna Anand & Co, Jammu 03/12/2024 Books       MIET Library, Jammu MIET Library, Jammu 197/5 03/05/2024   BE